James Evelyn.

Southwold Primary rates primary teacher James Evelyn's teaching as good. After watching his 50 minute maths lesson on counting, partitioning and calculating with his Year 3/4 class, you can post your suggestions online on how he can improve his maths lesson in our From Good to Outstanding discu...

Full description

Bibliographic Details
Corporate Authors: Flashback Television (Firm) (Producer), Double Exposure (Firm) (Producer)
Format: Video
Language:English
Language Notes:This edition in English.
Published: [London] : Teachers TV/UK Department of Education, 2008.
Series:Education in video.
Subjects:
Online Access:Connect to this streaming video (Alexander Street Press)

MARC

Tag First Indicator Second Indicator Subfields
LEADER 00000cgm a2200000Ma 4500
001 in00005547621
006 m o c
007 cr |n|---||a|a
007 vz |zazu|
008 120229s2008 enk105 o vleng d
005 20241201230331.9
035 |a (OCoLC)ocn815771280 
040 |a ALSTP  |b eng  |e pn  |c ALSTP  |d OCLCO  |d OCLCQ  |d OCLCF  |d OCLCQ  |d OCLCO  |d OCL  |d OCLCQ  |d OCLCO  |d OCLCA  |d OCLCQ  |d UAB  |d OCLCQ  |d INT  |d OCLCQ  |d WYU  |d AU@  |d OCLCO 
019 |a 1040698073 
035 |a (OCoLC)815771280  |z (OCoLC)1040698073 
043 |a e-uk--- 
049 |a TXAM 
245 0 0 |a James Evelyn. 
260 |a [London] :  |b Teachers TV/UK Department of Education,  |c 2008. 
300 |a 1 online resource (105 min.). 
336 |a two-dimensional moving image  |b tdi  |2 rdacontent 
337 |a computer  |b c  |2 rdamedia 
338 |a online resource  |b cr  |2 rdacarrier 
490 1 |a Education in video. 
490 1 |a From good to outstanding ;  |v 2-3 
500 |a Title from resource description page (viewed Mar. 5, 2012). 
520 |a Southwold Primary rates primary teacher James Evelyn's teaching as good. After watching his 50 minute maths lesson on counting, partitioning and calculating with his Year 3/4 class, you can post your suggestions online on how he can improve his maths lesson in our From Good to Outstanding discussion group. James's lesson features starter, role play, individual & group work and plenary. Watch the full version of his second lesson then post any feedback or suggestions which you think James might find find useful for teaching future outstanding lessons. The full edited programme will be shown in April 2009. 
520 |a Southwold Primary School rates James Evelyn's teaching as 'good'. In this 50 minute lesson James teaches data handling to his Year 3/4 class. We invite you to respond to James? maths lesson, via From Good to Outstanding's web discussion group, ahead of the feedback he gets from our School Inspector Clare Gillies. James lesson features starter, whole class work, group and pair work and plenary. You can view his first lesson in its full version (with minor edits) and post your ideas and suggestions to help her improve and move up to 'outstanding'. 
546 |a This edition in English. 
650 0 |a Teachers  |x Rating of. 
650 0 |a Teachers  |x Training of. 
650 0 |a Career development. 
650 0 |a Teaching  |x Methods. 
650 2 |a Career Mobility 
650 6 |a Enseignants  |x Évaluation. 
650 6 |a Enseignants  |x Formation. 
650 6 |a Plan de carrière. 
650 7 |a Career development.  |2 fast  |0 (OCoLC)fst00847280 
650 7 |a Teachers  |x Rating of.  |2 fast  |0 (OCoLC)fst01144352 
650 7 |a Teachers  |x Training of.  |2 fast  |0 (OCoLC)fst01144404 
650 7 |a Teaching.  |2 fast  |0 (OCoLC)fst01144565 
655 4 |a Online media. 
655 7 |a Instructional television programs.  |2 fast  |0 (OCoLC)fst01726126 
655 7 |a Methods (Music)  |2 fast  |0 (OCoLC)fst01423850 
655 7 |a Instructional television programs.  |2 lcgft 
655 7 |a Émissions pédagogiques télévisées.  |2 rvmgf 
710 2 |a Flashback Television (Firm)  |4 pro 
710 2 |a Double Exposure (Firm)  |4 pro 
776 0 8 |i Original version:  |t James Evelyn.  |d [London] : Teachers TV/UK Department of Education, 2008 publisher catalog number  |o C/3376/002 
776 0 8 |i Original version:  |t James Evelyn.  |d [London] : Teachers TV/UK Department of Education, 2008 publisher catalog number  |o C/3376/004 
830 0 |a Education in video. 
856 4 0 |u http://proxy.library.tamu.edu/login?url=https://www.aspresolver.com/aspresolver.asp?AVN2;1783981  |z Connect to this streaming video (Alexander Street Press)  |t 0 
955 |a Alexander Street Press subscription streaming video 
994 |a 92  |b TXA 
999 f f |s 14725874-98c5-40dd-bea9-2d1d8c2922d3  |i cb843633-124f-4aee-8628-cfe32d8a89d3  |t 0 
952 f f |a Texas A&M University  |b College Station  |c Electronic Resources  |d Available Online  |t 0  |h Library of Congress classification 
998 f f |t 0  |l Available Online